[Event "Reggio Emilia"]
[Site "?"]
[Date "1991.??.??"]
[Round "?"]
[White "Salov, V."]
[Black "Kasparov, Garry"]
[Result "1/2-1/2"]
[WhiteElo "2665"]
[BlackElo "2770"]
[PlyCount "52"]
[EventDate "1991.??.??"]
[Source "ChessBase"]
[SourceDate "1991.10.01"]

1. d4 Nf6 2. c4 g6 3. Nf3 Bg7 4. g3 O-O 5. Bg2 d6 6. O-O Nbd7 7. Nc3 e5 8. e4 c6 9. b3 exd4 10. Nxd4 Re8 11. h3 Nc5 12. Re1 Bd7 13. Bf4 Qb6 14. Be3 Rad8 15. Qc2 Bc8 16. a3 Qc7 17. Rad1 Qe7 18. b4 Ncd7 19. Qa2 a6 20. a4 a5 21. b5 c5 22. Nde2 Nb6 23. Nf4 Be6 24. Nxe6 Qxe6 25. Nd5 Nfxd5 26. exd5 Qf6 1/2-1/2

[Event "Amber-blind 9th"]
[Site "Monte Carlo"]
[Date "2000.03.24"]
[Round "8"]
[White "Karpov, Anatoly"]
[Black "Topalov, Veselin"]
[Result "0-1"]
[WhiteElo "2696"]
[BlackElo "2702"]
[PlyCount "78"]
[EventDate "2000.03.16"]
[Source "ChessBase"]
[SourceDate "2000.05.31"]

1. d4 Nf6 2. c4 g6 3. Nf3 Bg7 4. g3 O-O 5. Bg2 d6 6. O-O c6 7. Nc3 Qa5 8. e4 e5 9. h3 Nbd7 10. Re1 exd4 11. Nxd4 Ne5 12. Bf1 Re8 13. Be3 c5 14. Nf3 Nxf3+ 15. Qxf3 Be6 16. Bf4 Nd7 17. Bxd6 Ne5 18. Qe3 Rad8 19. Rad1 b6 20. a3 Nxc4 21. Bxc4 Bxc4 22. e5 Qa6 23. Qf4 Bb3 24. Rd2 Qc8 25. Kh2 f6 26. Rde2 fxe5 27. Bxe5 Rf8 28. Qe4 Bxe5 29. Qxe5 Bc4 30. Re4 Rxf2+ 31. Kg1 Rf5 32. Qe7 Bb3 33. g4 Rf7 34. Qh4 Rdf8 35. Re7 Qd8 36. Qg5 Qd4+ 37. R7e3 Qd2 38. Ne4 Qxb2 39. Rf3 Rxf3 0-1

[Event "Amber-blind 7th"]
[Site "Monte Carlo"]
[Date "1998.03.26"]
[Round "11"]
[White "Ljubojevic, Ljubomir"]
[Black "Topalov, Veselin"]
[Result "1-0"]
[WhiteElo "2565"]
[BlackElo "2740"]
[PlyCount "87"]
[EventDate "1998.03.13"]
[Source "ChessBase"]
[SourceDate "1998.04.29"]

1. d4 Nf6 2. c4 g6 3. g3 Bg7 4. Bg2 O-O 5. Nc3 d6 6. Nf3 Nbd7 7. O-O e5 8. h3 c6 9. e4 Re8 10. Rb1 a6 11. a3 Rb8 12. Re1 b5 13. c5 exd4 14. Nxd4 Ne5 15. f4 dxc5 16. fxe5 cxd4 17. exf6 Bxf6 18. Bf4 Qb6 19. Na2 Be6 20. Nb4 Rbc8 21. e5 Bg7 22. Rc1 Bd7 23. Qf3 a5 24. Nd3 c5 25. Qb7 Qxb7 26. Bxb7 c4 27. Bxc8 Rxc8 28. Nf2 h6 29. h4 c3 30. Red1 g5 31. hxg5 hxg5 32. Bxg5 Bf5 33. g4 Bg6 34. Rxd4 c2 35. Rd5 b4 36. Rxa5 bxa3 37. bxa3 Rb8 38. Kf1 Re8 39. Rc5 Rxe5 40. Rxe5 Bxe5 41. Re1 Bc3 42. Re8+ Kg7 43. Rc8 Bb2 44. a4 1-0

[Event "Biel"]
[Site "?"]
[Date "1990.??.??"]
[Round "?"]
[White "Karpov, An"]
[Black "Lautier, J."]
[Result "1-0"]
[WhiteElo "2730"]
[BlackElo "2570"]
[PlyCount "101"]
[EventDate "1990.??.??"]
[Source "ChessBase"]
[SourceDate "1990.07.01"]

1. Nf3 Nf6 2. c4 g6 3. g3 Bg7 4. Bg2 O-O 5. O-O d6 6. d4 Nbd7 7. Nc3 e5 8. h3 c6 9. e4 Qb6 10. Re1 exd4 11. Nxd4 Ne8 12. Nf3 Ne5 13. Nxe5 dxe5 14. Qa4 a5 15. a3 Nc7 16. Be3 Qxb2 17. Rec1 b5 18. Qd1 bxc4 19. Bc5 Ne6 20. Na4 Qb3 21. Bxf8 Bxf8 22. Bf1 Nd4 23. Rxc4 Qxd1 24. Rxd1 Be6 25. Rc3 Rd8 26. Kg2 Rb8 27. Nc5 Rb2 28. Bd3 Ba2 29. Na4 Rb3 30. Ra1 Rxc3 31. Nxc3 Bb3 32. Ne2 a4 33. f4 Nb5 34. fxe5 Bg7 35. Rc1 Bxe5 36. Rxc6 Nxa3 37. Ng1 Kf8 38. Nf3 Bb2 39. Nd2 Bd1 40. Rc7 Be5 41. Rc5 Bd4 42. Rc8+ Ke7 43. Rc7+ Ke6 44. Nf3 Bb2 45. Rb7 Bc1 46. Kf2 h5 47. Be2 Bb3 48. Nd4+ Ke5 49. Nxb3 axb3 50. Rxb3 Kxe4 51. Bd3+ 1-0

[Event "Kloosters"]
[Site "Ter Apel"]
[Date "1997.03.20"]
[Round "4"]
[White "Khalifman, Alexander"]
[Black "Van Wely, Loek"]
[Result "1-0"]
[WhiteElo "2650"]
[BlackElo "2645"]
[PlyCount "137"]
[EventDate "1997.03.17"]
[Source "ChessBase"]

1. d4 Nf6 2. Nf3 g6 3. c4 Bg7 4. g3 O-O 5. Bg2 d6 6. O-O Nbd7 7. Nc3 e5 8. h3 Re8 9. e4 exd4 10. Nxd4 c6 11. Re1 a5 12. Rb1 Nc5 13. b3 Bd7 14. Bf4 Qb6 15. Bxd6 Nfxe4 16. Bxe4 Nxe4 17. Rxe4 Rxe4 18. Nxe4 Qxd4 19. Qxd4 Bxd4 20. Rd1 Bg7 21. Bb8 Rxb8 22. Rxd7 b5 23. Nd6 a4 24. cxb5 cxb5 25. Nxf7 Re8 26. Kf1 Bc3 27. Nh6+ Kh8 28. g4 axb3 29. axb3 Rf8 30. g5 Re8 31. Nf7+ Kg8 32. Nh6+ Kh8 33. h4 b4 34. Nf7+ Kg8 35. Nh6+ Kh8 36. Kg2 Rf8 37. Nf7+ Kg8 38. Nh6+ Kh8 39. f4 Bb2 40. Nf7+ Kg8 41. Nh6+ Kh8 42. Kf3 Bc3 43. Nf7+ Kg8 44. Nh6+ Kh8 45. Kg4 Bg7 46. Rb7 Bc3 47. Nf7+ Kg8 48. Nh6+ Kh8 49. f5 gxf5+ 50. Nxf5 Bd2 51. Rd7 Bc1 52. Rd1 Bb2 53. h5 Rg8 54. Nh6 Re8 55. Rd8 Rxd8 56. Nf7+ Kg7 57. Nxd8 Bc3 58. Kf5 Bd2 59. Ne6+ Kf7 60. Nf4 Kg7 61. Nd5 Kf7 62. h6 Kg8 63. Nf6+ Kh8 64. Ne4 Bc1 65. Kg4 Kg8 66. Nf6+ Kh8 67. Nd5 Bd2 68. Kh5 Kg8 69. g6 1-0

[Event "CRO-chT"]
[Site "Porec"]
[Date "1998.09.05"]
[Round "1"]
[White "Ribli, Zoltan"]
[Black "Movsesian, Sergei"]
[Result "1/2-1/2"]
[WhiteElo "2590"]
[BlackElo "2640"]
[PlyCount "138"]
[EventDate "1998.09.??"]
[Source "www.chesslib.no"]
[SourceDate "2004.05.04"]

1. Nf3 Nf6 2. c4 g6 3. g3 Bg7 4. Bg2 c6 5. d4 O-O 6. Nc3 d6 7. O-O Qa5 8. e4 e5 9. h3 Nbd7 10. Be3 Nb6 11. dxe5 dxe5 12. Nd2 Be6 13. Nb3 Qa6 14. Nc5 Qxc4 15. Qc2 Nbd7 16. b3 Qb4 17. a3 Qa5 18. b4 Qc7 19. Nxe6 fxe6 20. Qb3 Rfe8 21. Rfd1 h5 22. Rac1 Qd8 23. b5 c5 24. Rd6 Qe7 25. Rcd1 Bf8 26. Bf1 Qxd6 27. Rxd6 Bxd6 28. Bc4 Kf7 29. Qd1 Nb6 30. Ba2 Rad8 31. a4 c4 32. Qb1 Nbd7 33. Bxa7 b6 34. a5 bxa5 35. Bxc4 Rc8 36. Qa2 Bb4 37. Na4 Nxe4 38. b6 Nd6 39. Ba6 Rc1+ 40. Kg2 e4 41. Qb2 Rc6 42. Qe2 Re7 43. b7 Nxb7 44. Bxb7 Rc7 45. Qxe4 Nf8 46. Be3 Rxb7 47. Nc5 Rbc7 48. Nd3 Bc3 49. Bc5 Kg7 50. Bxe7 Rxe7 51. Qc4 Bf6 52. Nc5 Rc7 53. Qb5 Bd4 54. Nb3 Bc3 55. Nxa5 Bxa5 56. Qxa5 Rd7 57. Qe5+ Kf7 58. f4 Rd5 59. Qc7+ Rd7 60. Qc4 Rd5 61. g4 hxg4 62. hxg4 Nd7 63. Qc7 Kg8 64. f5 gxf5 65. gxf5 Kf7 66. Qc6 Rd2+ 67. Kg3 exf5 68. Kf4 Nf6 69. Kg5 Rd6 1/2-1/2

[Event "Pardubice"]
[Site "Pardubice"]
[Date "1994.??.??"]
[Round "6"]
[White "Greenfeld, Alon"]
[Black "Sokolov, Ivan"]
[Result "1/2-1/2"]
[WhiteElo "2600"]
[BlackElo "2625"]
[PlyCount "120"]
[EventDate "1994.07.??"]
[Source "ChessBase"]

1. Nf3 Nf6 2. c4 g6 3. g3 Bg7 4. Bg2 O-O 5. Nc3 d6 6. O-O e5 7. d4 Nbd7 8. e4 c6 9. h3 Qb6 10. c5 dxc5 11. dxe5 Ne8 12. e6 fxe6 13. Ng5 Ndf6 14. Be3 Qa5 15. Rc1 c4 16. Qe2 Nd6 17. Rfd1 Nfe8 18. Rd2 e5 19. Rcd1 h6 20. Rxd6 Nxd6 21. Rxd6 hxg5 22. Rxg6 Rf6 23. Rxg5 b5 24. Qh5 Qc7 25. Rxe5 Rxf2 26. Rg5 Rf7 27. e5 Be6 28. Ne4 Qd8 29. Qh6 Qd5 30. Bc5 Qxe5 31. Rxe5 Bxh6 32. Rxe6 Bg7 33. Rxc6 Rd8 34. Ba3 a5 35. Nd6 Rf6 36. Nxb5 Rd1+ 37. Kh2 Rf2 38. h4 Rdd2 39. Rxc4 Rxg2+ 40. Kh3 Be5 41. Rg4+ Kf7 42. Rg5 Ke6 43. Nc3 Rh2+ 44. Kg4 Rd3 45. Ne4 Re3 46. Rg6+ Kf7 47. Kf5 Rf3+ 48. Kg5 Bxg3 49. Ra6 Bxh4+ 50. Kg4 Rf1 51. Nd6+ Kg6 52. Ne4+ Bf6 53. Nxf6 Rxf6 54. Rxa5 Rg2+ 55. Kh3 Rff2 56. Ra6+ Kf5 57. Ra5+ Ke4 58. Ra4+ Kd3 59. Rf4 Rh2+ 60. Kg4 Rxf4+ 1/2-1/2

[Event "zt3.3, HeiBei CHN"]
[Site "?"]
[Date "2001.??.??"]
[Round "8"]
[White "Bu Xiangzhi"]
[Black "Ye Jiangchuan"]
[Result "1/2-1/2"]
[WhiteElo "2555"]
[BlackElo "2670"]
[PlyCount "46"]
[EventDate "2001.??.??"]
[Source "www.chesslib.no"]
[SourceDate "2004.05.04"]

1. Nf3 Nf6 2. c4 g6 3. g3 Bg7 4. Bg2 O-O 5. O-O d6 6. d4 Nbd7 7. Nc3 e5 8. h3 c6 9. e4 Qb6 10. Re1 exd4 11. Nxd4 Ne8 12. Nde2 Qb4 13. Bg5 f6 14. Be3 Qxc4 15. Rc1 Qf7 16. f4 Nb6 17. b3 Kh8 18. a4 f5 19. a5 Nd7 20. a6 Ndf6 21. e5 dxe5 22. fxe5 Nh5 23. Bc5 Rg8 1/2-1/2

[Event "Belgrade Invest"]
[Site "Belgrade"]
[Date "1991.??.??"]
[Round "?"]
[White "Jussupow, Artur"]
[Black "Damljanovic, Branko"]
[Result "1/2-1/2"]
[WhiteElo "2625"]
[BlackElo "2585"]
[PlyCount "327"]
[EventDate "1991.11.??"]
[Source "ChessBase"]

1. d4 Nf6 2. c4 g6 3. Nf3 Bg7 4. g3 O-O 5. Bg2 d6 6. O-O Nbd7 7. Nc3 e5 8. h3 c6 9. e4 Qb6 10. c5 dxc5 11. dxe5 Ne8 12. Na4 Qb5 13. Be3 Nc7 14. Rc1 Ne6 15. b3 Rd8 16. Bg5 Re8 17. Be3 Rd8 18. Bg5 Re8 19. Be3 Qa5 20. Nb2 Rd8 21. Nc4 Qc7 22. Qc2 b5 23. Nb2 Nxe5 24. Nxe5 Bxe5 25. Nd3 Nd4 26. Qd1 Bg7 27. Nxc5 Qe7 28. Bxd4 Bxd4 29. Qc2 a5 30. Rfd1 b4 31. Rd3 Be6 32. Nxe6 Qxe6 33. Kh1 c5 34. f4 a4 35. e5 axb3 36. axb3 Ra3 37. Rf1 Rd7 38. Rdf3 Rda7 39. f5 Qxe5 40. fxg6 hxg6 41. Qc4 Qe6 42. Qd3 Ra2 43. g4 Rb2 44. Qb5 Re7 45. Qb8+ Kg7 46. Qg3 Rc2 47. g5 Rc3 48. Qh4 Rxf3 49. Rxf3 Bc3 50. Bf1 Qd5 51. Qg4 Re1 52. Kg2 Qxb3 53. Bc4 Qc2+ 54. Rf2 Qf5 55. Qxf5 gxf5 56. Rxf5 Bd4 57. Rxf7+ Kg6 58. h4 Rc1 59. Bd5 Re1 60. Rf4 Re5 61. Bc4 Be3 62. Rf6+ Kg7 63. Rf7+ Kg6 64. Rf6+ Kg7 65. Kf3 Bc1 66. Rf7+ Kg6 67. Rf6+ Kg7 68. Rf7+ Kg6 69. Rc7 Bxg5 70. Bd3+ Kf6 71. Rc6+ Ke7 72. hxg5 Rxg5 73. Kf4 Rd5 74. Be4 Rh5 75. Bf5 b3 76. Rxc5 b2 77. Rb5 Rh2 78. Ke5 Re2+ 79. Be4 Kd7 80. Rb7+ Kc8 81. Rb5 Rd2 82. Kf4 Kc7 83. Ke3 Rh2 84. Kd4 Kd6 85. Kc3 Re2 86. Bc2 Kc6 87. Rxb2 Kc5 88. Ra2 Rh2 89. Ra5+ Kd6 90. Be4 Rf2 91. Kd4 Rd2+ 92. Bd3 Rd1 93. Ra6+ Ke7 94. Ke4 Kd7 95. Bc4 Rd6 96. Ra1 Rd2 97. Ke5 Kc6 98. Rc1 Kc5 99. Bd3+ Kb6 100. Rc3 Rh2 101. Bc4 Rd2 102. Bd5 Kb5 103. Kd6 Rd4 104. Ra3 Kb4 105. Rb3+ Ka4 106. Rb8 Rb4 107. Ra8+ Kb5 108. Rc8 Kb6 109. Bc4 Kb7 110. Rc7+ Kb6 111. Rc6+ Kb7 112. Rc5 Rb6+ 113. Kd7 Rb2 114. Bd5+ Kb6 115. Kd6 Rb4 116. Rc8 Kb5 117. Rc7 Kb6 118. Bc4 Ra4 119. Rc6+ Kb7 120. Kd7 Ra5 121. Rd6 Rc5 12 . Bd5+ Ka7 123. Ke6 Rb5 124. Ke5 Rb6 125. Rd8 Rb4 126. Bc6 Rb8 127. Rd4 Rb2 128. Rd8 Rb8 129. Rd7+ Ka6 130. Kd6 Rb2 131. Kc7 Ka7 132. Rd8 Rb7+ 133. Kd6 Rb8 134. Rd7+ Ka6 135. Rh7 Rb2 136. Kc7 Ka7 137. Rh8 Rb7+ 138. Kd6 Rb8 139. Rh7+ Ka6 140. Rh2 Rb3 141. Kc7 Ra3 142. Rh5 Rc3 143. Rg5 Rc4 144. Rb5 Rc3 145. Rb4 Ra3 146. Rb5 Rc3 147. Rf5 Rc4 148. Rf3 Ka5 149. Rb3 Rc5 150. Kd6 Rc4 151. Kd5 Rc1 152. Rb5+ Ka6 153. Rb8 Rd1+ 154. Kc5 Rc1+ 155. Kd6 Rc3 156. Bd5 Ka5 157. Bb3 Rc1 158. Kd5 Rc7 159. Bc4 Rd7+ 160. Kc6 Rg7 161. Bb3 Rg6+ 162. Kc5 Rb6 163. Ra8+ Ra6 164. Re8 1/2-1/2

[Event "Pappier Memorial A"]
[Site "CAPA email"]
[Date "1998.??.??"]
[Round "?"]
[White "Umansky, Mikhail Markovich"]
[Black "Berdichesky, Ruben"]
[Result "1-0"]
[WhiteElo "2700"]
[BlackElo "2505"]
[PlyCount "91"]
[EventDate "1998.??.??"]
[Source "www.chesslib.no"]
[SourceDate "2004.05.04"]

1. d4 Nf6 2. c4 g6 3. g3 Bg7 4. Bg2 O-O 5. Nf3 d6 6. O-O Nbd7 7. Nc3 e5 8. e4 c6 9. h3 Re8 10. Be3 exd4 11. Nxd4 Nc5 12. Qc2 Qe7 13. Rfe1 Bd7 14. Nb3 Be6 15. Rad1 Bxc4 16. Nxc5 dxc5 17. Na4 Be6 18. Bxc5 Qc7 19. Bd6 Qc8 20. Kh2 b6 21. Nc3 Rd8 22. f4 Ne8 23. Be7 Rd7 24. Bh4 Nd6 25. e5 Nf5 26. Bf6 Bxf6 27. exf6 Nd4 28. Qe4 Qd8 29. Qe5 Rc8 30. g4 Kh8 31. Be4 c5 32. f5 gxf5 33. gxf5 Bc4 34. b3 Ba6 35. Nd5 Bb5 36. Kh1 Qf8 37. Ne7 Re8 38. a4 Ba6 39. b4 Rdd8 40. b5 Bc8 41. Bc6 Nxc6 42. bxc6 Qh6 43. Kh2 Qh4 44. Re2 Ba6 45. Rxd8 Rxd8 46. c7 1-0

[Event "FRA-chT 9900"]
[Site "France"]
[Date "2000.03.31"]
[Round "5.1"]
[White "Andersson, Ulf"]
[Black "Gofshtein, Leonid D"]
[Result "1-0"]
[WhiteElo "2625"]
[BlackElo "2580"]
[PlyCount "37"]
[EventDate "2000.02.04"]
[Source "www.chesslib.no"]
[SourceDate "2004.05.04"]

1. Nf3 d6 2. d4 Nf6 3. c4 g6 4. g3 Bg7 5. Bg2 O-O 6. O-O c6 7. Nc3 Na6 8. h3 Qb6 9. b3 e5 10. e4 exd4 11. Na4 Qd8 12. Nxd4 Re8 13. Nc3 Nc5 14. Re1 a5 15. Bf4 Qb6 16. Bxd6 Rd8 17. e5 Ne8 18. Nxc6 Nxd6 19. Nd5 1-0

[Event "Yerevan (ol)"]
[Site "?"]
[Date "1996.??.??"]
[Round "?"]
[White "Nikolic, P."]
[Black "Kveinys, A."]
[Result "1-0"]
[WhiteElo "2670"]
[BlackElo "2530"]
[PlyCount "53"]
[EventDate "1996.??.??"]
[Source "ChessBase"]
[SourceDate "1996.06.01"]

1. d4 Nf6 2. Nf3 g6 3. c4 Bg7 4. g3 O-O 5. Bg2 d6 6. O-O Nbd7 7. Nc3 e5 8. e4 c6 9. h3 Re8 10. Re1 exd4 11. Nxd4 Qb6 12. Nc2 Nc5 13. Rb1 Ng4 14. hxg4 Bxc3 15. Re3 Bg7 16. b3 Be6 17. Bd2 a5 18. Bc3 Bxc3 19. Rxc3 Rad8 20. g5 Na6 21. Nd4 Bg4 22. Qd2 Nc5 23. Re1 a4 24. Nc2 axb3 25. axb3 Re5 26. b4 Ne6 27. Qe3 1-0

[Event "Liepajas Rokade"]
[Site "Liepaya"]
[Date "2004.07.31"]
[Round "4"]
[White "Fridman, Daniel"]
[Black "Ehlvest, Jaan"]
[Result "1/2-1/2"]
[WhiteElo "2590"]
[BlackElo "2605"]
[PlyCount "71"]
[EventDate "2004.07.30"]
[SourceDate "2004.08.11"]

1. Nf3 Nf6 2. c4 g6 3. g3 Bg7 4. Bg2 O-O 5. d4 d6 6. Nc3 c6 7. O-O Qa5 8. e4 e5 9. h3 Nbd7 10. Be3 Re8 11. Qc2 b5 12. cxb5 cxb5 13. a3 a6 14. dxe5 dxe5 15. Nd2 Bb7 16. b4 Qc7 17. Rac1 Rac8 18. Qb1 Qb8 19. Nb3 Bf8 20. Rfd1 Ba8 21. Nd5 Rxc1 22. Qxc1 Rc8 23. Nc5 Bxd5 24. exd5 Bd6 25. Qd2 Nxc5 26. bxc5 Bxc5 27. Bxc5 Rxc5 28. d6 Qd8 29. d7 Rc7 30. Qa5 Nxd7 31. Qxa6 Qf6 32. Qxf6 Nxf6 33. Rb1 Rc5 34. Bf1 Rc3 35. Rxb5 Rxa3 36. Rxe5 1/2-1/2

[Event "Campionato europeo 2007"]
[Site "Dresda GER"]
[Date "2007.04.07"]
[Round "5.43"]
[White "Ruck, Robert"]
[Black "Jobava, Baadur"]
[Result "1/2-1/2"]
[WhiteElo "2534"]
[BlackElo "2658"]
[PlyCount "50"]
[EventDate "2007.04.03"]
[Source "www.chesslib.no"]
[SourceDate "2004.05.04"]

1. Nf3 Nf6 2. c4 g6 3. d4 Bg7 4. g3 d6 5. Bg2 Nbd7 6. Nc3 e5 7. O-O O-O 8. h3 c6 9. e4 exd4 10. Nxd4 Qb6 11. Re1 Ne8 12. Nb3 Ne5 13. c5 dxc5 14. Be3 Be6 15. Na4 Qc7 16. Naxc5 Bc4 17. Nd2 b6 18. Qc2 bxc5 19. Nxc4 Nxc4 20. Qxc4 Bxb2 21. Rab1 Bd4 22. Bxd4 cxd4 23. Qxd4 Ng7 24. e5 Ne6 25. Qc3 Rac8 1/2-1/2

[Event "34. TCh-GRE"]
[Site "?"]
[Date "2005.07.07"]
[Round "4"]
[White "Navara David"]
[Black "Bojkov Dejan"]
[Result "1/2-1/2"]
[WhiteElo "2663"]
[BlackElo "2522"]
[PlyCount "106"]
[EventDate "2005.??.??"]
[Source "www.chesslib.no"]
[SourceDate "2004.05.04"]

1. d4 Nf6 2. Nf3 g6 3. c4 Bg7 4. Nc3 O-O 5. g3 d6 6. Bg2 c6 7. O-O Qa5 8. e4 e5 9. h3 Nbd7 10. Re1 exd4 11. Nxd4 Ne5 12. Bf1 Re8 13. Rb1 d5 14. b4 Qd8 15. cxd5 cxd5 16. f4 Nxe4 17. Nxe4 Nd7 18. Nb5 dxe4 19. Qc2 Re6 20. Bb2 Qb6+ 21. Kh2 Bxb2 22. Qxb2 Nf6 23. Rbc1 Re7 24. a4 Nh5 25. Nc3 Nf6 26. Nb5 Nh5 27. Red1 Bf5 28. g4 Qe3 29. gxf5 Qxf4+ 30. Kg1 e3 31. Nd4 Rae8 32. Qg2 Ng3 33. fxg6 hxg6 34. Ne2 Nxe2+ 35. Bxe2 Qxb4 36. Rc4 Qb3 37. Rg4 Kg7 38. Rf1 Rc8 39. Qf3 Qb6 40. h4 Rc5 41. Rg3 Qd6 42. Kg2 Rc2 43. h5 Qc6 44. Qxc6 bxc6 45. Kf3 Re6 46. hxg6 Rf6+ 47. Ke4 Rxf1 48. gxf7+ Kxf7 49. Bxf1 e2 50. Bxe2 Rxe2+ 51. Kd4 Ra2 52. Kc5 Rxa4 53. Kxc6 Ra1 1/2-1/2

[Event "Bad Homburg"]
[Site "Bad Homburg"]
[Date "1997.07.30"]
[Round "5"]
[White "Dautov, Rustem"]
[Black "Sutovsky, Emil"]
[Result "1-0"]
[WhiteElo "2595"]
[BlackElo "2590"]
[PlyCount "109"]
[EventDate "1997.07.26"]
[Source "ChessBase"]
[SourceDate "1997.10.13"]

1. d4 g6 2. Nf3 Bg7 3. c4 d6 4. g3 Nf6 5. Bg2 O-O 6. O-O Nbd7 7. Nc3 e5 8. h3 c6 9. e4 a6 10. Be3 b5 11. c5 dxc5 12. Nxe5 Nxe5 13. dxe5 Nd7 14. f4 Re8 15. Qd6 Qb6 16. Rac1 h5 17. Kh1 a5 18. a4 b4 19. Nb1 Bf8 20. Qd1 Ba6 21. Rf2 Rad8 22. Nd2 Qb7 23. Bf1 Nb6 24. Qc2 Bxf1 25. Rfxf1 Qd7 26. Kg2 Qd3 27. Qxd3 Rxd3 28. Kf2 Red8 29. Ke2 c4 30. Nxc4 Nxc4 31. Rxc4 Rb3 32. Rc2 c5 33. h4 c4 34. Rfc1 Rc8 35. Bd4 Rxg3 36. Rxc4 Rd8 37. Bb6 Rg2+ 38. Kf3 Rdd2 39. Bg1 Rxb2 40. Rc8 b3 41. Rd1 Kg7 42. f5 gxf5 43. exf5 Rgd2 44. Re1 Rbc2 45. f6+ Kg6 46. Rxf8 b2 47. Be3 Rc1 48. Rg1+ Kf5 49. Rg5+ Ke6 50. Re8+ Kd7 51. e6+ fxe6 52. Rb8 Rf1+ 53. Ke4 Kc7 54. Rgb5 Rh2 55. Bf4+ 1-0

[Event "Wijk aan Zee"]
[Site "?"]
[Date "1994.??.??"]
[Round "?"]
[White "Hansen, Cu"]
[Black "Piket, Je"]
[Result "1-0"]
[WhiteElo "2580"]
[BlackElo "2605"]
[PlyCount "113"]
[EventDate "1994.??.??"]
[Source "ChessBase"]
[SourceDate "1993.10.01"]

1. d4 Nf6 2. c4 g6 3. g3 Bg7 4. Bg2 O-O 5. Nf3 c6 6. Nc3 d6 7. O-O Nbd7 8. e4 e5 9. b3 exd4 10. Nxd4 Re8 11. h3 Nc5 12. Re1 a5 13. Rb1 Qc7 14. Qc2 Bd7 15. Be3 Rad8 16. a3 Qc8 17. b4 axb4 18. axb4 Ne6 19. Nde2 Nc7 20. Na4 Bxh3 21. Nb6 Bxg2 22. Nxc8 Bxe4 23. Qd1 Rxc8 24. Rb3 d5 25. c5 Ng4 26. Nd4 Nxe3 27. Rbxe3 Ne6 28. Nxe6 Rxe6 29. f3 Bf5 30. Rxe6 Bxe6 31. Qa4 Bc3 32. Rxe6 fxe6 33. Qa7 Bxb4 34. Qb6 Ba3 35. Qa5 Bc1 36. Qe1 Rf8 37. Qxc1 Rxf3 38. Qb2 Rf7 39. Qe5 h5 40. Qxe6 Kg7 41. Qe5+ Kh7 42. Kg2 Kg8 43. Kh3 Kh7 44. Kh4 Kg8 45. Qa1 Kh7 46. Qb2 Kg8 47. Kg5 Kh7 48. g4 hxg4 49. Kxg4 d4 50. Qxd4 Rf5 51. Qd7+ Kh6 52. Qxf5 gxf5+ 53. Kxf5 Kh5 54. Ke5 Kg5 55. Kd6 Kf5 56. Kc7 Ke6 57. Kxb7 1-0

[Event "LXI Lega superiore camp. russo"]
[Site "Novokuznetsk RUS"]
[Date "2008.09.06"]
[Round "4"]
[White "Potkin, V."]
[Black "Vorobiov, E."]
[Result "1/2-1/2"]
[WhiteElo "2629"]
[BlackElo "2550"]
[PlyCount "63"]
[EventDate "2008.09.03"]
[Source "www.chesslib.no"]
[SourceDate "2004.05.04"]

1. d4 Nf6 2. c4 d6 3. Nf3 g6 4. Nc3 Bg7 5. g3 O-O 6. Bg2 Nbd7 7. O-O e5 8. e4 c6 9. h3 exd4 10. Nxd4 Re8 11. Bf4 Ne5 12. b3 a6 13. Qc2 Qe7 14. Rad1 b5 15. cxb5 axb5 16. Nxc6 Nxc6 17. Nxb5 Ne5 18. Nxd6 Rf8 19. Bxe5 Qxe5 20. f4 Qa5 21. e5 Qxa2 22. Qxa2 Rxa2 23. exf6 Bxf6 24. b4 Be6 25. b5 Rb8 26. g4 Be7 27. f5 gxf5 28. gxf5 Bxd6 29. fxe6 Bc5+ 30. Kh1 fxe6 31. Rde1 Rxb5 32. Re5 1/2-1/2

[Event "LXI Lega superiore camp. russo"]
[Site "Novokuznetsk RUS"]
[Date "2008.09.13"]
[Round "10"]
[White "Deviatkin, A."]
[Black "Korotylev, A."]
[Result "1-0"]
[WhiteElo "2567"]
[BlackElo "2609"]
[PlyCount "95"]
[EventDate "2008.09.03"]
[Source "www.chesslib.no"]
[SourceDate "2004.05.04"]

1. d4 Nf6 2. Nf3 g6 3. c4 Bg7 4. g3 O-O 5. Bg2 d6 6. O-O Nbd7 7. Nc3 e5 8. e4 c6 9. h3 Qb6 10. d5 Nc5 11. Qe2 cxd5 12. cxd5 Bd7 13. Be3 Rfc8 14. Rfc1 a5 15. Rc2 Qd8 16. Nd2 Ne8 17. Rac1 f5 18. Kh2 b6 19. b3 Nf6 20. Nc4 Be8 21. exf5 gxf5 22. Na4 Rab8 23. Nxc5 bxc5 24. Qd2 a4 25. Na5 axb3 26. axb3 e4 27. Bf1 Kh8 28. Ba6 Rc7 29. Be2 Bb5 30. Bxb5 Rxb5 31. b4 Rd7 32. Nc6 Qg8 33. Qe2 Rbb7 34. bxc5 dxc5 35. Rxc5 Nxd5 36. Bd4 Qe8 37. Qc4 Nb6 38. Bxg7+ Rxg7 39. Qd4 Rbd7 40. Re5 Qd8 41. Qb4 Qg5 42. Re8+ Rg8 43. Qb2+ Rdg7 44. Rxg8+ Kxg8 45. Qxb6 Qxc1 46. Qd8+ Kf7 47. Qe7+ Kg6 48. Ne5+ 1-0

[Event "Vienna op"]
[Site "Vienna"]
[Date "1996.??.??"]
[Round "5"]
[White "Khalifman, Alexander"]
[Black "Cvitan, Ognjen"]
[Result "1/2-1/2"]
[WhiteElo "2640"]
[BlackElo "2535"]
[PlyCount "83"]
[EventDate "1996.08.??"]
[Source "ChessBase"]

1. Nf3 Nf6 2. c4 g6 3. g3 Bg7 4. Bg2 O-O 5. O-O d6 6. d4 Nbd7 7. Nc3 e5 8. h3 c6 9. e4 Re8 10. Re1 exd4 11. Nxd4 Qb6 12. Nc2 a5 13. Rb1 Nc5 14. Be3 Qc7 15. Bf4 Bf8 16. b3 h6 17. Nd4 Bg7 18. Qc2 Bd7 19. Red1 Rad8 20. a3 Nh7 21. b4 axb4 22. axb4 Bxd4 23. bxc5 Bxc5 24. Na4 Ba7 25. Rxd6 Qc8 26. Bxh6 Bxh3 27. Qb2 f6 28. Rxf6 Nxf6 29. Qxf6 Bd4 30. Qxg6+ Kh8 31. Bg5 Qg4 32. Bf6+ Bxf6 33. Qxf6+ Kg8 34. Rxb7 Rf8 35. Qh6 Rd1+ 36. Kh2 Rh1+ 37. Kxh1 Bxg2+ 38. Kg1 Qd1+ 39. Kxg2 Qf3+ 40. Kh2 Qxf2+ 41. Kh3 Qf1+ 42. Kh4 1/2-1/2

[Event "Rishon Le Ziyyon"]
[Site "Rishon Le Ziyyon"]
[Date "1996.??.??"]
[Round "5"]
[White "Greenfeld, Alon"]
[Black "Kotronias, Vasilios"]
[Result "0-1"]
[WhiteElo "2560"]
[BlackElo "2610"]
[PlyCount "72"]
[EventDate "1996.02.??"]
[Source "ChessBase"]

1. d4 Nf6 2. Nf3 g6 3. c4 Bg7 4. g3 O-O 5. Bg2 d6 6. O-O Nbd7 7. Nc3 e5 8. h3 c6 9. e4 Qb6 10. c5 dxc5 11. dxe5 Ne8 12. e6 fxe6 13. Ng5 Ne5 14. f4 Nf7 15. Nxf7 Bd4+ 16. Kh1 Rxf7 17. e5 Nc7 18. Ne4 Nd5 19. a4 a5 20. Ra3 Qd8 21. g4 b6 22. Raf3 Ba6 23. Re1 Qe7 24. f5 exf5 25. Nd6 f4 26. Nxf7 Qxf7 27. Qb3 g5 28. h4 Bc8 29. Ref1 Bxg4 30. Rg3 h5 31. hxg5 Bxe5 32. Rd3 Be6 33. Qd1 c4 34. g6 Qf6 35. Rh3 Bxh3 36. Bxd5+ Kg7 0-1

[Event "Tilburg"]
[Site "Tilburg"]
[Date "1993.??.??"]
[Round "2"]
[White "Akopian, Vladimir"]
[Black "Damljanovic, Branko"]
[Result "1-0"]
[WhiteElo "2600"]
[BlackElo "2570"]
[PlyCount "103"]
[EventDate "1993.11.??"]
[Source "ChessBase"]

1. d4 Nf6 2. c4 g6 3. g3 Bg7 4. Bg2 O-O 5. Nc3 c6 6. e4 d6 7. Nge2 e5 8. O-O Nbd7 9. h3 exd4 10. Nxd4 Qb6 11. Re1 Ne8 12. Nc2 Nc5 13. Re3 a5 14. b3 f5 15. exf5 Bxf5 16. Bb2 a4 17. Nxa4 Nxa4 18. Bxg7 Nxg7 19. bxa4 Rxa4 20. Ne1 Rxc4 21. Qxd6 Qb4 22. Qd1 Rd4 23. Qb3+ Qxb3 24. Rxb3 Rd7 25. Nf3 Re8 26. a4 Be4 27. a5 Nf5 28. Rb2 c5 29. Rc1 Rc7 30. Nd2 Bxg2 31. Kxg2 Nd6 32. Rb6 Rd8 33. Nb1 Kf7 34. Rd1 Rc6 35. Rxc6 bxc6 36. Nc3 Ke7 37. Re1+ Kf7 38. Re5 c4 39. Rc5 Rc8 40. a6 Ke7 41. Na2 Kd7 42. Nb4 Nb5 43. Rxc4 c5 44. Nd3 Kd6 45. f4 Kd5 46. Ne5 Ra8 47. Ra4 Ra7 48. Ra5 Nd4 49. Kf2 Ne6 50. Ke3 Nc7 51. Nd3 Rxa6 52. Nb4+ 1-0

[Event "Manila (ol)"]
[Site "?"]
[Date "1992.??.??"]
[Round "?"]
[White "Stohl, I."]
[Black "Akopian, V."]
[Result "1/2-1/2"]
[WhiteElo "2560"]
[BlackElo "2605"]
[PlyCount "45"]
[EventDate "1992.??.??"]
[Source "ChessBase"]
[SourceDate "1992.06.01"]

1. d4 Nf6 2. c4 g6 3. Nf3 Bg7 4. g3 O-O 5. Bg2 d6 6. Nc3 Nbd7 7. O-O e5 8. e4 c6 9. b3 exd4 10. Nxd4 Re8 11. h3 a5 12. Re1 Nc5 13. Bf4 a4 14. b4 Ne6 15. Nxe6 Bxe6 16. Bxd6 Bxc4 17. e5 Nd7 18. Re4 Be6 19. b5 Bf5 20. bxc6 bxc6 21. Rd4 Qa5 22. Rc1 Nxe5 23. Rxa4 1/2-1/2